000 00550nab a2200193 4500
999 _c372068
_d372068
001 866
003 OSt
005 20230102104240.0
007 tu
008 ||||||||||||
040 _aDE-2950
_cDE-2950
245 0 0 _aDie technologische Entwicklungsgeschichte des Frankfurter Halbleiterwerks /
_cJörg Berkner
260 _c2022
525 _aEnthaltene Fotografien: zahlreiche Fotografien
653 _aFrankfurt (Oder)
653 _aHalbleiterwerk
773 0 _g01.01.2022-31.12.2022, S. 64 - 96
_tFrankfurter Jahrbuch 2022
942 _2z
_cA